[Event "EU-ch Blitz"]
[Site "Zagreb"]
[Date "2023.12.16"]
[Round "3"]
[White "Segovic, Goran"]
[Black "Grigoriants, Sergey"]
[Result "0-1"]
[WhiteElo "2290"]
[BlackElo "2544"]
[PlyCount "102"]
[EventDate "2023.12.16"]
[EventType "swiss (blitz)"]
[EventRounds "13"]
[EventCountry "CRO"]
[SourceTitle "CB51_2023"]
[SourceDate "2023.12.20"]
[SourceVersion "1"]
[SourceVersionDate "2023.12.20"]
[SourceQuality "1"]

1. e4 c5 2. Nf3 e6 3. c3 d5 4. exd5 Qxd5 5. d4 Nf6 6. Na3 a6 7. Nc2 Nbd7 8. Be2 Be7 9. 0-0 0-0 10. c4 Qc6 11. b3 Qc7 12. Bb2 Rd8 13. Bd3 b6 14. Qe2 cxd4 15. Ncxd4 Nc5 16. Bc2 Bb7 17. Rad1 Rac8 18. Rfe1 Nce4 19. Bb1 Bb4 20. Rf1 Nc3 21. Bxc3 Bxc3 22. Rd3 Bb4 23. Rdd1 Bc5 24. h3 Qf4 25. Nxe6 fxe6 26. Qxe6+ Kh8 27. Ne5 Rf8 28. Nf7+ Rxf7 29. Qxf7 Bc6 30. Qe6 Qc7 31. Qf5 Rf8 32. Rd2 Qe7 33. Rfd1 Qc7 34. Rd3 Be4 35. Qg5 Bxd3 36. Rxd3 Qe7 37. Rd1 Rd8 38. Rf1 a5 39. Qf5 Rf8 40. Qd3 Qe5 41. Kh1 g6 42. Qd1 Qd4 43. Qe2 Re8 44. Qf3 Qe5 45. Rd1 Rf8 46. Qd3 Kg7 47. Qf3 Rf7 48. Qd3 Bxf2 49. Rf1 Bc5 50. a4 Bd6 51. g3 Qxg3 0-1

[Event "EU-ch Blitz"]
[Site "Zagreb"]
[Date "2023.12.16"]
[Round "6"]
[White "Seo, Jung Min"]
[Black "Segovic, Goran"]
[Result "1-0"]
[WhiteElo "2483"]
[BlackElo "2290"]
[PlyCount "69"]
[EventDate "2023.12.16"]
[EventType "swiss (blitz)"]
[EventRounds "13"]
[EventCountry "CRO"]
[SourceTitle "CB51_2023"]
[SourceDate "2023.12.20"]
[SourceVersion "1"]
[SourceVersionDate "2023.12.20"]
[SourceQuality "1"]

1. d4 Nf6 2. c4 e6 3. Nf3 c5 4. d5 b5 5. dxe6 fxe6 6. cxb5 a6 7. bxa6 Bxa6 8. Nc3 Nc6 9. e4 Bxf1 10. Kxf1 Qc7 11. g3 Be7 12. Kg2 0-0 13. Bf4 e5 14. Bg5 Nd4 15. Bxf6 Bxf6 16. Nd5 Qb7 17. Nxd4 exd4 18. b3 d6 19. a4 Bd8 20. Qd3 Ba5 21. Rab1 Qf7 22. f3 Kh8 23. Rhf1 h6 24. b4 cxb4 25. Nxb4 Bxb4 26. Rxb4 Qa2+ 27. Rf2 Qa1 28. Qxd4 Qe1 29. Rb7 Rg8 30. Rc2 Raf8 31. Qxd6 Rxf3 32. Kxf3 Qf1+ 33. Rf2 Qh3 34. Rf7 Qh5+ 35. Ke3 1-0

[Event "Varazdinske Toplice op"]
[Site "Varazdinske Toplice"]
[Date "2022.12.26"]
[Round "1"]
[White "Krizanic, Filip"]
[Black "Segovic, Goran"]
[Result "0-1"]
[WhiteElo "1659"]
[BlackElo "2256"]
[PlyCount "98"]
[EventDate "2022.12.26"]
[EventType "swiss"]
[EventRounds "9"]
[EventCountry "CRO"]
[SourceTitle "CBM 211 Extra"]
[Source "ChessBase"]
[SourceDate "2023.01.31"]
[SourceVersion "1"]
[SourceVersionDate "2023.01.31"]
[SourceQuality "1"]

1. d4 Nf6 2. c4 e6 3. Nc3 Bb4 4. Nf3 0-0 5. a3 Bxc3+ 6. bxc3 b6 7. Bg5 Bb7 8. e3 h6 9. Bh4 d6 10. Bd3 Nbd7 11. 0-0 e5 12. dxe5 dxe5 13. Bf5 e4 14. Ne1 Ne5 15. Qa4 Qe8 16. Qxe8 Rfxe8 17. Nc2 Nxc4 18. Nd4 c5 19. Nb5 Re5 20. Bh3 g5 21. Bg3 Re7 22. Bf5 Nh5 23. Rfd1 Nxg3 24. hxg3 Re5 25. Bg4 Nb2 26. Rd2 Nc4 27. Rdd1 Bc6 28. Nd6 Nb2 29. Rd2 Na4 30. Rc1 Rd8 31. Nxf7 Rxd2 32. Nxe5 Bb7 33. Be6+ Kg7 34. Bb3 Nb2 35. Rc2 Rxc2 36. Bxc2 Kf6 37. Ng4+ Kg6 38. Ne5+ Kf5 39. Nf7 Ke6 40. Nxh6 Bd5 41. Ng4 b5 42. Nh2 a5 43. Nf1 a4 44. Nd2 Ke5 45. Kf1 Bc4+ 46. Ke1 Bd3 47. Bd1 Bc4 48. Bg4 Nd3+ 49. Kd1 Nxf2+ 0-1

[Event "Varazdinske Toplice op"]
[Site "Varazdinske Toplice"]
[Date "2022.12.26"]
[Round "4"]
[White "Segovic, Goran"]
[Black "Vujec, Ivan"]
[Result "0-1"]
[WhiteElo "2256"]
[BlackElo "2184"]
[PlyCount "98"]
[EventDate "2022.12.26"]
[EventType "swiss"]
[EventRounds "9"]
[EventCountry "CRO"]
[SourceTitle "CBM 211 Extra"]
[Source "ChessBase"]
[SourceDate "2023.01.31"]
[SourceVersion "1"]
[SourceVersionDate "2023.01.31"]
[SourceQuality "1"]

1. e4 c6 2. d4 d5 3. f3 dxe4 4. fxe4 e5 5. Nf3 Bg4 6. Bc4 Nd7 7. 0-0 Ngf6 8. c3 Bd6 9. Bg5 Qc7 10. h3 Bh5 11. Nbd2 0-0 12. Qc2 Bg6 13. Rae1 a6 14. Nh4 b5 15. Nxg6 hxg6 16. Bd3 c5 17. d5 c4 18. Be2 Nh7 19. Bh4 Bc5+ 20. Kh1 Be3 21. Nf3 g5 22. Bg3 Bc5 23. Nd2 g6 24. Bg4 Bd6 25. Re2 Ndf6 26. Bf3 Ne8 27. Ref2 f5 28. Bd1 f4 29. Bh2 Nhf6 30. Nf3 g4 31. Ng5 g3 32. Ne6 Qe7 33. Nxf8 Qxf8 34. Bxg3 fxg3 35. Rf3 Kg7 36. Rxg3 Qh8 37. Re3 Bc5 38. Ree1 Nd6 39. Bf3 g5 40. Qd2 Qh4 41. Qe2 g4 42. Kh2 gxf3 43. Rxf3 Ndxe4 44. Ref1 Rf8 45. Qd1 Ng4+ 46. Kh1 Ngf2+ 47. R1xf2 Nxf2+ 48. Rxf2 Rxf2 49. d6 Qf4 0-1

[Event "CRO Topla Voda Cup"]
[Site "Tuhovec"]
[Date "2022.08.06"]
[Round "2.2"]
[White "Mrdja, Milan"]
[Black "Segovic, Goran"]
[Result "1-0"]
[WhiteElo "2261"]
[BlackElo "2295"]
[PlyCount "137"]
[EventDate "2022.08.06"]
[EventType "team-tourn (blitz)"]
[EventRounds "11"]
[EventCountry "CRO"]
[SourceTitle "CBM 209 Extra"]
[Source "ChessBase"]
[SourceDate "2022.09.30"]
[SourceVersion "1"]
[SourceVersionDate "2022.09.30"]
[SourceQuality "1"]
[WhiteTeam "Zagreb Caissa"]
[BlackTeam "Mihovljan Sloboda"]
[WhiteTeamCountry "CRO"]
[BlackTeamCountry "CRO"]

1. e4 e5 2. Nf3 Nc6 3. Bb5 f5 4. Nc3 fxe4 5. Nxe4 Nf6 6. d3 d5 7. Ng3 Bd6 8. 0-0 0-0 9. Re1 Bg4 10. Bxc6 bxc6 11. h3 Bxf3 12. Qxf3 Ne4 13. Qg4 Nxg3 14. fxg3 Qc8 15. Qxc8 Raxc8 16. Be3 a5 17. b3 a4 18. Rf1 Ra8 19. g4 Rxf1+ 20. Rxf1 axb3 21. axb3 Ra2 22. Rf2 Bb4 23. Re2 Bc3 24. g3 Kf7 25. Kg2 Ke6 26. Kf3 Ra1 27. h4 h6 28. h5 Rd1 29. g5 hxg5 30. Bxg5 Rf1+ 31. Kg4 Rg1 32. Be3 Rh1 33. Bg5 Bd4 34. Bd8 Kd7 35. Bg5 Bc3 36. Bh4 Rf1 37. Kg5 Ke6 38. Kg6 Rf7 39. Bg5 Rd7 40. g4 c5 41. Be3 Kd6 42. g5 e4 43. dxe4 dxe4 44. Bf4+ Kd5 45. h6 gxh6 46. gxh6 c6 47. Rh2 Rd8 48. h7 Rf8 49. Bg5 c4 50. bxc4+ Kxc4 51. Rh3 Bd4 52. Ra3 Kd5 53. Rh3 Be5 54. Rh5 Ke6 55. Be7 Re8 56. Rxe5+ Kxe5 57. Bf6+ Kf4 58. h8Q Rxh8 59. Bxh8 e3 60. Bc3 Kf3 61. Kf5 Ke2 62. Ba5 Kd1 63. c4 Kc2 64. Ke4 Kb3 65. Kd3 e2 66. Be1 c5 67. Bd2 Kb2 68. Kxe2 Kc2 69. Be1 1-0

[Event "CRO Topla Voda Cup"]
[Site "Tuhovec"]
[Date "2022.08.06"]
[Round "11.2"]
[White "Segovic, Goran"]
[Black "Sokolic, Marko"]
[Result "1-0"]
[WhiteElo "2295"]
[BlackElo "1974"]
[PlyCount "173"]
[EventDate "2022.08.06"]
[EventType "team-tourn (blitz)"]
[EventRounds "11"]
[EventCountry "CRO"]
[SourceTitle "CBM 209 Extra"]
[Source "ChessBase"]
[SourceDate "2022.09.30"]
[SourceVersion "1"]
[SourceVersionDate "2022.09.30"]
[SourceQuality "1"]
[WhiteTeam "Mihovljan Sloboda"]
[BlackTeam "Mace Gaj CC"]
[WhiteTeamCountry "CRO"]
[BlackTeamCountry "CRO"]

1. e4 e6 2. d4 d5 3. Nd2 Nf6 4. e5 Nfd7 5. Bd3 c5 6. c3 Nc6 7. Ne2 Be7 8. 0-0 0-0 9. a3 a6 10. b4 cxd4 11. cxd4 b5 12. f4 f5 13. exf6 Bxf6 14. Nf3 Nb6 15. Ne5 Bxe5 16. dxe5 Nc4 17. Kh1 Qh4 18. Bxc4 dxc4 19. Qd6 Nd8 20. Be3 Bb7 21. Rf2 Rf5 22. Ng3 Rf8 23. Rd1 h6 24. f5 Nf7 25. Qc7 Bd5 26. Rd4 Qd8 27. Qxd8 Raxd8 28. fxe6 Bxe6 29. Rfd2 Rxd4 30. Bxd4 Rd8 31. Ne4 Bd5 32. Nc5 Ra8 33. Kg1 Ng5 34. Re2 Ne6 35. Nxe6 Bxe6 36. Bc5 Rd8 37. Bd6 Bf5 38. Re3 Bd3 39. Kf2 Re8 40. g4 Kf7 41. h4 Ke6 42. Kg3 Rc8 43. Bc5 Rc7 44. Kf4 Rf7+ 45. Kg3 g6 46. Re1 Rf1 47. Re3 Rf7 48. Bd4 h5 49. gxh5 gxh5 50. Bc3 Rg7+ 51. Kf2 Rg4 52. Rf3 Bf5 53. Rg3 Rxg3 54. Kxg3 Bg4 55. Kf4 Bd1 56. Ke4 Bg4 57. Kd4 Bf3 58. Kc5 Bd1 59. Kb6 Ba4 60. Kxa6 Kd5 61. Kb6 Ke6 62. Kc6 Ke7 63. Bb2 Ke6 64. Bd4 Ke7 65. Kd5 Bb3 66. Bc5+ Ke8 67. Kd4 Kf7 68. Bd6 Ke6 69. Bc7 Bd1 70. Bd8 Bb3 71. Bg5 Bd1 72. Bd2 Bb3 73. Bc3 Bd1 74. Kc5 Ba4 75. Kc6 Ke7 76. Kd5 Bb3 77. Kc5 Ba4 78. Bd2 Ke6 79. Bc3 Ke7 80. Kd5 Bb3 81. e6 Bd1 82. Bd2 Bb3 83. Bg5+ Ke8 84. Kd4 c3 85. e7 c2 86. Kc5 Ba4 87. Kc6 1-0

[Event "Varazdinske Toplice rapid op"]
[Site "Varazdinske Toplice"]
[Date "2017.12.26"]
[Round "9"]
[White "Makaj, Nikola"]
[Black "Segovic, Goran"]
[Result "0-1"]
[WhiteElo "1880"]
[BlackElo "2273"]
[PlyCount "60"]
[EventDate "2017.12.26"]
[EventType "swiss (rapid)"]
[EventRounds "9"]
[EventCountry "CRO"]
[SourceTitle "EXT 2019"]
[Source "ChessBase"]
[SourceDate "2018.10.10"]
[SourceVersion "1"]
[SourceVersionDate "2018.10.10"]
[SourceQuality "1"]

1. d4 Nf6 2. Nf3 e6 3. Bg5 c5 4. e3 Qb6 5. Qc1 Ne4 6. Bf4 d5 7. Bd3 Nc6 8. c3 f5 9. 0-0 Be7 10. b3 0-0 11. Bxe4 fxe4 12. Ne5 Nxe5 13. Bxe5 Bd7 14. Qd1 Rf7 15. Nd2 Raf8 16. f3 exf3 17. Rxf3 Bg5 18. Rg3 Bf6 19. Bxf6 Rxf6 20. Rf3 Qd6 21. Rxf6 gxf6 22. Qh5 Be8 23. Qh4 Bg6 24. Rf1 Kg7 25. Rf3 e5 26. Rh3 cxd4 27. exd4 e4 28. Qh6+ Kg8 29. Rg3 f5 30. h4 Qxg3 0-1

[Event "CRO-chT1B 24th"]
[Site "Bol"]
[Date "2015.10.10"]
[Round "8.32"]
[White "Galic, Ivan"]
[Black "Segovic, Goran"]
[Result "1/2-1/2"]
[WhiteElo "2367"]
[BlackElo "2232"]
[PlyCount "65"]
[EventDate "2015.10.03"]
[EventType "team-tourn"]
[EventRounds "9"]
[EventCountry "CRO"]
[SourceTitle "CBM 168 Extra"]
[Source "ChessBase"]
[SourceDate "2015.10.29"]
[SourceVersion "1"]
[SourceVersionDate "2015.10.29"]
[SourceQuality "1"]
[WhiteTeam "Dubrovnik"]
[BlackTeam "Varazdin"]
[WhiteTeamCountry "CRO"]
[BlackTeamCountry "CRO"]

1. Nf3 d5 2. g3 Nf6 3. Bg2 g6 4. 0-0 Bg7 5. d3 0-0 6. Nbd2 Nbd7 7. e4 dxe4 8. dxe4 e5 9. Re1 Re8 10. Qe2 b6 11. b3 Bb7 12. Bb2 Qe7 13. h3 Rad8 14. Rad1 Qc5 15. c3 a5 16. Nh2 Nf8 17. Nhf1 Ne6 18. a3 c6 19. b4 Qe7 20. Ne3 axb4 21. axb4 Qc7 22. Ra1 Ba8 23. Rxa8 Rxa8 24. Ra1 Rxa1+ 25. Bxa1 Nd7 26. Bb2 Bf8 27. Qd1 b5 28. Nb3 Nb6 29. Qc2 Bh6 30. Ng4 Bg7 31. Ne3 Bh6 32. Ng4 Bg7 33. Bc1 1/2-1/2